| 000 | 00587nab a2200157Ia 4500 | ||
|---|---|---|---|
| 003 | ES-SlBCS | ||
| 005 | 20210601134126.0 | ||
| 008 | 140529s2012 xxu||||| |||| 00| 0 por d | ||
| 041 | _apor | ||
| 100 | 1 |
_aFerreira Davis, Cláudia Leme _9213874 |
|
| 245 | 0 | 0 |
_aProblemas de aprendizagem na alfabetizaçao: contribuçoes da pesquisa-açao escolar _c Cláudia Leme Ferreira Davis, Maria Irene Miranda |
| 650 | 0 | 4 |
_aProblemas de Aprendizaje _9139672 |
| 700 | 1 |
_aMiranda, Maria Irene _9209132 |
|
| 773 | 0 |
_tEducaçao e Filosofia _gvol. 26, nº. 51, 2012, págs. 289-312 _wRev1534 |
|
| 942 | _cAR | ||
| 999 |
_c607474 _d607474 |
||